Reinforced concrete designer's handbook. (Record no. 546968)

000 -LEADER
fixed length control field 00557cam a22001811 4500
082 ## - DEWEY DECIMAL CLASSIFICATION NUMBER
Classification number 624.18341
Author Mark REY
-- L-19, P-24
100 1# - MAIN ENTRY--PERSONAL NAME
Personal name Reynolds, Charles E.
9 (RLIN) 43177
245 10 - TITLE STATEMENT
Title Reinforced concrete designer's handbook.
250 ## - EDITION STATEMENT
Edition statement 4th ed. [rev.]
260 ## - PUBLICATION, DISTRIBUTION, ETC.
Place of publication, distribution, etc. London,
Name of publisher, distributor, etc. Concrete Publications
Date of publication, distribution, etc. [1948]
300 ## - PHYSICAL DESCRIPTION
Extent vii, 351 p.
Other physical details illus., tables.
Dimensions 25 cm.
490 0# - SERIES STATEMENT
Series statement Concrete series
500 ## - GENERAL NOTE
General note Errata slip inserted.
526 ## - STUDY PROGRAM INFORMATION NOTE
Program name 0
Interest level 0
Reading level 0
Title point value 624_183400000000000_REY
650 #0 - SUBJECT ADDED ENTRY--TOPICAL TERM
Topical term or geographic name entry element MCE
9 (RLIN) 379
650 #0 - SUBJECT ADDED ENTRY--TOPICAL TERM
Topical term or geographic name entry element Reinforced concrete construction
942 ## - ADDED ENTRY ELEMENTS (KOHA)
Source of classification or shelving scheme
Koha item type Book
Holdings
Withdrawn status Lost status Source of classification or shelving scheme Damaged status Not for loan Permanent Location Current Location Date acquired Total Checkouts Full call number Barcode Date last seen Price effective from Koha item type
          Military College of Engineering (MCE) Military College of Engineering (MCE) 06/25/2014   624.1834 REY MCE-29949 06/25/2014 03/14/2021 Book
© 2023 Central Library, National University of Sciences and Technology. All Rights Reserved.